书目信息 |
| 题名: |
幼儿园教师课件设计与制作
|
|
| 作者: | 李鹏 , 丁名夫 , 崔素霞 主编 | |
| 分册: | ||
| 出版信息: | 北京 中国书籍出版社 2018.01 |
|
| 页数: | 144页 | |
| 开本: | 26cm | |
| 丛书名: | ||
| 单 册: | ||
| 中图分类: | G436 | |
| 科图分类: | ||
| 主题词: | 学前教育--xue qian jiao yu--多媒体课件--制作--教材 | |
| 电子资源: | ||
| ISBN: | 978-7-5068-6700-9 | |
| 000 | 01042nam0 2200265 450 | |
| 001 | 0109110131 | |
| 005 | 20201109110336.0 | |
| 010 | @a978-7-5068-6700-9@dCNY28.00 | |
| 100 | @a20180913d2018 em y0chiy50 ea | |
| 101 | 0 | @achi |
| 102 | @aCN@b110000 | |
| 105 | @aa z 000yy | |
| 106 | @ar | |
| 200 | 1 | @a幼儿园教师课件设计与制作@Ayou er yuan jiao shi ke jian she ji yu zhi zuo@f李鹏, 丁名夫, 崔素霞主编 |
| 210 | @a北京@c中国书籍出版社@d2018.01 | |
| 215 | @a144页@c图@d26cm | |
| 300 | @a学前教育专业系列教材 | |
| 330 | @a本书以多媒体技术及其在计算机辅助教学与课件制作中的应用为主线,分别介绍幼儿教师课件制作的设计与基础,多媒体素材的获取、处理与制作的方法,常用多媒体编辑与制作软件的使用方法,以及用PPT2016、Flash8.0和Frontpage2003制作多媒体课件的方法与技巧。 | |
| 606 | 0 | @a学前教育@Axue qian jiao yu@x多媒体课件@x制作@j教材 |
| 690 | @aG436@v5 | |
| 701 | 0 | @a李鹏@Ali peng@4主编 |
| 701 | 0 | @a丁名夫@Ading ming fu@4主编 |
| 701 | 0 | @a崔素霞@Acui su xia@4主编 |
| 801 | 0 | @aCN@bBJSZM@c20201103 |
| 905 | @b1267784-5@dG436@e230@f2 | |
| 幼儿园教师课件设计与制作/李鹏, 丁名夫, 崔素霞主编.-北京:中国书籍出版社,2018.01 |
| 144页:图;26cm |
| 学前教育专业系列教材 |
| ISBN 978-7-5068-6700-9:CNY28.00 |
| 本书以多媒体技术及其在计算机辅助教学与课件制作中的应用为主线,分别介绍幼儿教师课件制作的设计与基础,多媒体素材的获取、处理与制作的方法,常用多媒体编辑与制作软件的使用方法,以及用PPT2016、Flash8.0和Frontpage2003制作多媒体课件的方法与技巧。 |
| ● |
| 相关链接 |
|
|
|
|
正题名:幼儿园教师课件设计与制作
索取号:G436/230
 
预约/预借
| 序号 | 登录号 | 条形码 | 馆藏地/架位号 | 状态 | 备注 |
| 1 | 1267784 | 212677842 | 第一样本阅览室/ [索取号:G436/230] | 在馆 | |
| 2 | 1267785 | 212677851 | 第四借阅区/ [索取号:G436/230] | 在馆 |